The Essentials of Philosophy & Ethics (Record no. 3553)

MARC details
000 -LEADER
fixed length control field 01030cam a2200325 a 4500
001 - CONTROL NUMBER
control field 14612945
003 - CONTROL NUMBER IDENTIFIER
control field OSt
005 - DATE AND TIME OF LATEST TRANSACTION
control field 20161108193813.0
008 - FIXED-LENGTH DATA ELEMENTS--GENERAL INFORMATION
fixed length control field 061027s2006 enkab b 000 0 eng d
010 ## - LIBRARY OF CONGRESS CONTROL NUMBER
LC control number 2006298790
015 ## - NATIONAL BIBLIOGRAPHY NUMBER
National bibliography number GBA616540
Source bnb
016 7# - NATIONAL BIBLIOGRAPHIC AGENCY CONTROL NUMBER
Record control number 013386083
Source Uk
020 ## - INTERNATIONAL STANDARD BOOK NUMBER
International Standard Book Number 0340900288
020 ## - INTERNATIONAL STANDARD BOOK NUMBER
International Standard Book Number 9780340900284
035 ## - SYSTEM CONTROL NUMBER
System control number (OCoLC)ocm63185997
040 ## - CATALOGING SOURCE
Original cataloging agency UKM
Transcribing agency UKM
Modifying agency BAKER
-- C#P
-- YDXCP
-- OCLCQ
-- IXA
-- DLC
042 ## - AUTHENTICATION CODE
Authentication code lccopycat
050 00 - LIBRARY OF CONGRESS CALL NUMBER
Classification number BJ1012
Item number .C584 2006
082 00 - DEWEY DECIMAL CLASSIFICATION NUMBER
Classification number 100
Edition number 22
Item number COH 2006
100 1# - MAIN ENTRY--PERSONAL NAME
Personal name Cohen, Martin,
9 (RLIN) 7937
245 14 - TITLE STATEMENT
Title The Essentials of Philosophy & Ethics
260 ## - PUBLICATION, DISTRIBUTION, ETC. (IMPRINT)
Place of publication, distribution, etc. London :
Name of publisher, distributor, etc. Oxford University Press,
Date of publication, distribution, etc. 2006.
300 ## - PHYSICAL DESCRIPTION
Extent xv, 310 p. :
Other physical details ill., maps ;
Dimensions 24 cm.
504 ## - BIBLIOGRAPHY, ETC. NOTE
Bibliography, etc Includes bibliographical references.
650 #0 - SUBJECT ADDED ENTRY--TOPICAL TERM
Topical term or geographic name as entry element Ethics.
9 (RLIN) 1778
650 #0 - SUBJECT ADDED ENTRY--TOPICAL TERM
Topical term or geographic name as entry element Philosophy.
9 (RLIN) 6457
856 42 - ELECTRONIC LOCATION AND ACCESS
Materials specified Contributor biographical information
Uniform Resource Identifier http://www.loc.gov/catdir/enhancements/fy0724/2006298790-b.html
906 ## - LOCAL DATA ELEMENT F, LDF (RLIN)
a 7
b cbc
c copycat
d 2
e ncip
f 20
g y-gencatlg
942 ## - ADDED ENTRY ELEMENTS (KOHA)
Source of classification or shelving scheme Dewey Decimal Classification
Koha item type Short Loan
Holdings
Withdrawn status Lost status Source of classification or shelving scheme Damaged status Not for loan Home library Current library Date acquired Inventory number Total Checkouts Full call number Barcode Date last seen Koha item type
    Dewey Decimal Classification     MUST Main Library MUST Main Library 14/04/2016 09/31919   100 COH 2006 2016-0905 14/04/2016 Short Loan